000 00869nam a2200205Ii 4500
003 JO-AjNU
008 230605s9999||||xx |||||||||||||| ||und||
040 _aJO-AjNU
_bara
_erda
_cJO-AjNU
041 _aara
050 1 4 _aDT96.T3792 1995
100 3 _aتاليف الطرسوسي، نجم الدين ابراهيم علي بن احمد بن عبد الواحد؛ تحقيق اسماعيل، أبي عبدالله محمد حسن محمد حسن,
_eauthor
_96945
245 0 0 _aتحفة الترك فيما يجب أن يكون في الملك
250 _aط1
264 3 1 _aبيروت: دار الكتب العلمية، 1995
300 _a88ص
336 _atext
_btxt
_2rdacontent
337 _aunmediated
_bn
_2rdamedia
338 _avolume
_bnc
_2rdacarrier
650 4 _aالمماليك-تاريخ، القضاه المسلمون- العصر المملوكي
_96946
999 _aA30
_c3598
_d3598